000 00785cam a22002773a 4500
001 26992
003 PGUSA
005 20140828083600.0
008 081022s2008||||xxu|||||s|||||000 1 eng d
040 _aPGUSA
_beng
042 _adc
050 4 _aPS
100 1 _aMunger, Dell H.,
_d1862-
245 1 4 _aThe Wind Before the Dawn
_h[electronic resource] /
_cDell H. Munger
260 _bProject Gutenberg,
_c2008
506 _aPublic domain in the USA.
516 _aElectronic text
653 _aKansas -- Fiction
653 _aFarm life -- Fiction
653 _aFarmers' spouses -- Fiction
653 _aPsychological fiction
653 _aMarried women -- Fiction
830 0 _aProject Gutenberg
_v26992
856 4 0 _uhttp://www.gutenberg.org/ebooks/26992
942 _cEB
999 _c256247
_d256247